000 00730nam a2200289Ia 4500
005 20260324122242.0
008 008 260324s9999 xx 000 0 eng d
020 _a9780429168970
037 _aEBOOK
040 _aCRL
040 _beng
040 _cCRL
041 _2eng
041 _aeng
084 _qCRL
100 _aDmitry Kirsanov; Corrado Di Natale; Audrey Legin; Larisa Lvova
_91165725
245 0 _aMultisensor Systems for Chemical Analysis
245 0 _bMaterials and Sensors
260 _bTaylor and Francis
260 _c2013
365 _a
365 _b260
856 _uhttp://www.taylorfrancis.com/books/9780429168970
942 _cEBOOK
999 _c1758315
_d1758315